00889nam a2200253Ia 4500003000400000005001700004008004100021020001800062040001800080041000800098082001600106100002800122245007100150250001200221260003600233300003100269650005800300650004700358650002700405650003100432942002400463999001900487952012900506OSt20260117110118.0210716s2015 xx 000 0 und d a9789351198123 cAIMIT LIBRARY aeng a651.7bNAIS aNaik, Shruti D.9251602 aBusiness communication: bpractical approach /cBy Shruti D. Naik. a1st ed. aNew Delhi :bBiztantra ,c2015. axxvi,204 p.;bPBc24.5 cm. aContemporary issues in business communication9251603 aInterpersonal communication skills9251604 aWriting skills9251605 aPreparation skills9251606 2ddccBKk651.7 NAIS c195025d195025 001040708MCAaAIMITbAIMITeKnowledge Worldg299.00l0o651.7 NAISpMCA14533r2025-07-21 00:00:00v224.25w2021-07-16yBK